[Event "San Francisco Grey Memorial"]
[Site "San Francisco"]
[Date "2017.08.15"]
[Round "2"]
[White "Boldi, Ethan Vaughn"]
[Black "Marquez, Martin"]
[Result "0-1"]
[WhiteElo "1872"]
[BlackElo "1475"]
[PlyCount "112"]
[EventDate "2017.08.08"]
[EventType "swiss"]
[EventRounds "9"]
[EventCountry "USA"]
[SourceTitle "EXT 2023"]
[Source "ChessBase"]
[SourceDate "2022.10.05"]
[SourceVersion "1"]
[SourceVersionDate "2022.10.05"]
[SourceQuality "1"]

1. e4 d5 2. exd5 Qxd5 3. Nc3 Qa5 4. d4 Nf6 5. Nf3 Bg4 6. Bd2 c6 7. Ne4 Qc7 8. Nxf6+ gxf6 9. h3 Bh5 10. Bd3 e6 11. Qe2 Nd7 12. c4 Qb6 13. Rb1 Bxf3 14. Qxf3 Qxd4 15. Bc3 Bb4 16. Ke2 Bxc3 17. bxc3 Qe5+ 18. Qe3 0-0-0 19. Rb2 Qxc3 20. Rhb1 b6 21. Be4 Qxc4+ 22. Bd3 Qc5 23. Qg3 Qe5+ 24. Qe3 Qxe3+ 25. fxe3 Ne5 26. Ba6+ Kc7 27. a4 Rhg8 28. Kf1 Rd5 29. Rc2 Ra5 30. Bb5 a6 31. Be2 Rxa4 32. Rbc1 c5 33. Rd2 Rd8 34. Rb2 a5 35. Rcb1 Rb4 36. Rxb4 axb4 37. Ke1 Kc6 38. g4 Nd3+ 39. Bxd3 Rxd3 40. Ke2 Rd5 41. e4 Re5 42. Kd3 f5 43. exf5 exf5 44. Rf1 fxg4 45. Rxf7 gxh3 46. Rxh7 Rd5+ 47. Kc2 c4 48. Rxh3 Kc5 49. Rh8 b3+ 50. Kb2 Kb4 51. Rh1 Rd2+ 52. Kb1 Ka3 53. Rc1 b5 54. Re1 c3 55. Kc1 b2+ 56. Kb1 c2# 0-1

[Event "San Francisco TNM Fall op"]
[Site "San Francisco"]
[Date "2016.11.01"]
[Round "3"]
[White "Boldi, Ethan Vaughn"]
[Black "Bayaraa, Chinguun"]
[Result "0-1"]
[WhiteElo "1811"]
[BlackElo "2086"]
[PlyCount "52"]
[EventDate "2016.10.18"]
[EventType "swiss"]
[EventRounds "9"]
[EventCountry "USA"]
[SourceTitle "EXT 2018"]
[Source "ChessBase"]
[SourceDate "2017.10.13"]
[SourceVersion "1"]
[SourceVersionDate "2017.10.13"]
[SourceQuality "1"]

1. e4 c5 2. Nf3 d6 3. d4 cxd4 4. Nxd4 Nf6 5. Nc3 a6 6. Bg5 e6 7. f4 Be7 8. Qf3 Qc7 9. 0-0-0 Nbd7 10. a3 b5 11. Be2 Rb8 12. g4 b4 13. axb4 Rxb4 14. f5 Ne5 15. Qf4 h6 16. Bxf6 Bxf6 17. h4 Nc4 18. Nb3 Nxb2 19. fxe6 Qxc3 20. exf7+ Kxf7 21. Rxd6 Rxb3 22. e5 Ra3 23. Bc4+ Nxc4 24. Rxf6+ Ke8 25. Kd1 Bxg4+ 26. Qxg4 Qd2# 0-1